| 000 | 00589nam a22002057a 4500 | ||
|---|---|---|---|
| 003 | OSt | ||
| 005 | 20170412151117.0 | ||
| 008 | 150119b xxu||||| |||| 00| 0 eng d | ||
| 020 | _a0340741953 | ||
| 040 | _cDNLM | ||
| 082 | _aWB 400 N95t 1999 | ||
| 100 |
_aEdited by Tracie, L. Millers & Sherwood, L. Gorbach _912100 |
||
| 245 | _aNutritional Aspects of HIV Infection | ||
| 260 |
_aLondon : _bArnold; _c1999 |
||
| 300 |
_avi, 216 p. _c29 cm |
||
| 504 | _aIncludes Bibliographical references and index. | ||
| 650 |
_aNutrition _9321 |
||
| 650 |
_aHIV infection _912101 |
||
| 942 |
_2z _cSLOAN |
||
| 999 |
_c932 _d932 |
||